| 000 | 00732nam a22002057a 4500 | ||
|---|---|---|---|
| 999 |
_c16595 _d16595 |
||
| 003 | AR-CdUCM | ||
| 008 | 190503b ||||| |||| 00| 0 spa d | ||
| 040 |
_aMUNICIPALIDAD PROVINCIAL DEL CUSCO _cBIBLIOTECA MUNICIPAL DEL CUSCO |
||
| 082 |
_a124.5 / _bD555 |
||
| 100 |
_aDiderot, Denis _936128 |
||
| 245 | _aObras filosóficas / | ||
| 260 |
_aBuenos Aires : _bTor, |
||
| 300 |
_a157 páginas ; _c17 cm. |
||
| 505 | _aContenido: Conversación entre D`Alembert y Diderot -- Sueño de D`Alembert -- Pensamientos filosóficos -- Interpretación de la naturaleza... | ||
| 650 |
_aFilosofía moderna _913004 |
||
| 650 |
_aFilosofía francesa _915256 |
||
| 650 |
_aSiglo XVIII _9837 |
||
| 942 |
_2ddc _cLIBROS |
||
| 945 |
_adavv _d03/05/2019 |
||